Paushpi Navyasiddhant Kaumudi (Vol - 5) (Record no. 1234157)

MARC details
000 -LEADER
fixed length control field 00578nam a2200217Ia 4500
005 - DATE AND TIME OF LATEST TRANSACTION
control field 20241129120302.0
008 - FIXED-LENGTH DATA ELEMENTS--GENERAL INFORMATION
fixed length control field 241129s9999||||xx |||||||||||||| ||und||
020 ## - INTERNATIONAL STANDARD BOOK NUMBER
International Standard Book Number 9788177024144
037 ## - SOURCE OF ACQUISITION
Stock number TB
040 ## - CATALOGING SOURCE
Original cataloging agency SDCL
Language of cataloging eng
Transcribing agency SDCL
041 ## - LANGUAGE CODE
Language code of text/sound track or separate title hin
Source of code hin
084 ## - COLON CLASSIFICATION NUMBER
Classification number P15 Q8.5
Assigning agency SDCL
100 ## - MAIN ENTRY--PERSONAL NAME
Personal name Dikshit Pushpa
9 (RLIN) 179950
245 #0 - TITLE STATEMENT
Title Paushpi Navyasiddhant Kaumudi (Vol - 5)
260 ## - PUBLICATION, DISTRIBUTION, ETC.
Place of publication, distribution, etc. Delhi
Name of publisher, distributor, etc. Pratibha Prakashan India
Date of publication, distribution, etc. 2018
300 ## - PHYSICAL DESCRIPTION
Extent xix,212p
365 ## - TRADE PRICE
Price type code INR
Price amount 1795
650 ## - SUBJECT ADDED ENTRY--TOPICAL TERM
Topical term or geographic name entry element Sanskrit
942 ## - ADDED ENTRY ELEMENTS (KOHA)
Koha item type Textbook
Classification part P15 Q8.5
Holdings
Withdrawn status Lost status Damaged status Not for loan Home library Current library Date acquired Source of acquisition Cost, normal purchase price Total Checkouts Full call number Barcode Date last seen Price effective from Koha item type
        South Campus Library South Campus Library 2024-11-29 S.K BOOK DISTRIBUTORS 1795.00   P15 Q8.5 SC1808079 2024-11-29 2024-11-29 Textbook
Copyright @ Delhi University Library System